000
00326nam a22001337a 4500
008
181016b xxu||||| |||| 00| 0 eng d
020
_a
9780072458725
041
_a
eng
080
_a
338
100
_a
53
101
_a
MAN
245
_a
Mnagement Information Systems DFor The Information
_c
Haag .C
942
_2
udc
_c
BK
999
_c
49846
_d
49846